| 000 | 01095nam a22003257a 4500 | ||
|---|---|---|---|
| 003 | CHAP | ||
| 005 | 20220329134708.0 | ||
| 008 | 971013s1955 r 00010 d | ||
| 010 | _a24330 | ||
| 011 | _a25302 | ||
| 035 | _a29402 | ||
| 040 | _cCHAP | ||
| 082 |
_a633.73 _bC65 |
||
| 110 |
_aComisión Nacional del Café. México _925812 |
||
| 245 | _aPrincipales enfermedades y plagas del cafeto en México | ||
| 260 |
_aMéxico, D. F. : _bLa Comisión, _c1955 |
||
| 300 |
_a101 p. _b: láms. |
||
| 490 |
_aSerie informativa y de divulgación _v; 6 |
||
| 590 |
_aBATCH-UPD _b10 _c20130110 _lUCH01 _h0853 |
||
| 590 |
_aBATCH-UPD _b10 _c20130410 _lUCH01 _h0525 |
||
| 590 |
_aBATCH-UPD _b10 _c20130914 _lUCH01 _h0808 |
||
| 590 |
_aCONVERSION _b10 _c20130109 _lUCH01 _h1314 |
||
| 650 | 1 | 4 |
_aCafé _xEnfermedades. _917136 |
| 650 | 1 | 4 |
_aCafé _xPlagas. _917181 |
| 830 | 0 |
_aSerie informativa y de divulgación _v; 6 _9104914 |
|
| 901 | _aBK | ||
| 942 | _cLIBRO | ||
| 949 |
_a633.73 C65 _bBC _cLIBRO _d-67968 _eLIBRO _h22784 _i29402 _mD _si |
||
| 949 |
_a633.73 C65 _bBC _cLIBRO _d-67969 _eLIBRO _fc.2 _h22785 _i29402 _si |
||
| 999 |
_c24330 _d24330 |
||